New housing pipeline (Record no. 112046)

MARC details
000 -LEADER
fixed length control field 01025cad a22002055a 4500
001 - CONTROL NUMBER
control field L152410
008 - FIXED-LENGTH DATA ELEMENTS--GENERAL INFORMATION
fixed length control field 110302s2011 xxk f 000 0 eng d
035 ## - SYSTEM CONTROL NUMBER
System control number (Sirsi) u152410
041 0# - LANGUAGE CODE
Language code of text/sound track or separate title eng
110 2# - MAIN ENTRY--CORPORATE NAME
Corporate name or jurisdiction name as entry element Home Builders Federation
9 (RLIN) 4896
245 00 - TITLE STATEMENT
Title New housing pipeline
Remainder of title Q4 2010 report
Medium [electronic resource]
260 ## - PUBLICATION, DISTRIBUTION, ETC.
Date of publication, distribution, etc. 2011
520 ## - SUMMARY, ETC.
Summary, etc. Report for fourth quarter of 2010 shows how local authority planning permissions to build new homes continues to head downwards. It is the third successive quarterly fall with just 33 000 homes approved for construction in the last three months of 2010; 9% down on the previous quarter and 22% down on a year ago. Report complied by Glenigan for HBF.
590 ## - LOCAL NOTE (RLIN)
Local note KA NTK
650 24 - SUBJECT ADDED ENTRY--TOPICAL TERM
Topical term or geographic name entry element GLENIGAN
651 #4 - SUBJECT ADDED ENTRY--GEOGRAPHIC NAME
Geographic name United Kingdom
690 ## - LOCAL SUBJECT ADDED ENTRY--TOPICAL TERM (OCLC, RLIN)
Topical term or geographic name as entry element ENVIRONMENTAL AND LAND CONSULTANCY-PLANNING AND DEVELOPMENT
856 40 - ELECTRONIC LOCATION AND ACCESS
Uniform Resource Identifier <a href="https://www.hbf.co.uk/fileadmin/documents/research/HBF_Report_-_Housing_pipeline_-_Feb_2011.pdf">https://www.hbf.co.uk/fileadmin/documents/research/HBF_Report_-_Housing_pipeline_-_Feb_2011.pdf</a>
Public note View the item free of charge at www.hbf.co.uk
942 ## - ADDED ENTRY ELEMENTS (KOHA)
Suppress in OPAC 0
Holdings
Withdrawn status Lost status Source of classification or shelving scheme Damaged status Not for loan Home library Current library Shelving location Date acquired Total Checkouts Full call number Barcode Date last seen Copy number Price effective from Koha item type
    Dewey Decimal Classification     Virtual Virtual Online 02/03/2011   ONLINE PUBLICATION 152410-2001 06/08/2019 1 06/08/2019 Book